Collective Bargaining in American Industry Contemporary Perspectives and Future Directions
Salvato in:
| Altri autori: | , |
|---|---|
| Natura: | Libro |
| Lingua: | inglese |
| Pubblicazione: |
Lexington
Lexington Books
1987
|
| Edizione: | 1. ed. |
| Soggetti: | |
| Tags: |
Nessun Tag, puoi essere il primo ad aggiungerne!!
|
MARC
| LEADER | 00000nam a2200000 4500 | ||
|---|---|---|---|
| 001 | c021290 | ||
| 005 | 20221219115555.2 | ||
| 020 | |a 0-669-12594-6 | ||
| 041 | 0 | |a eng | |
| 044 | |a US | ||
| 245 | 1 | 0 | |a Collective Bargaining in American Industry |b Contemporary Perspectives and Future Directions |c Edit. David B. Lipsky, Clifford B. Donn |
| 250 | |a 1. ed. | ||
| 264 | 1 | |a Lexington |b Lexington Books |c 1987 | |
| 300 | |a 351 s. | ||
| 610 | 2 | 0 | |a vyjednávanie kolektívne |
| 610 | 2 | 0 | |a priemysel |
| 610 | 2 | 0 | |a USA |
| 610 | 2 | 0 | |a vzťahy pracovné |
| 610 | 2 | 0 | |a vzťahy pracovnoprávne |
| 610 | 2 | 0 | |a predpisy pracovnoprávne |
| 700 | 1 | |a Lipsky, David B. | |
| 700 | 1 | |a Donn, Clifford B. | |